| 000 | 01788cam a2200301 a 4500 | ||
|---|---|---|---|
| 001 | 000012118 | ||
| 003 | DO-SdBNP | ||
| 005 | 20250703113204.0 | ||
| 008 | 960410s1995 cl b 100 0 spa | ||
| 010 | _a96136167 | ||
| 040 |
_aDO-SdBNP _bspa _cBNPHU |
||
| 082 | 4 |
_a379.7293 _bC758p |
|
| 245 | 0 | 3 |
_aLa construccion de las politicas educativas en America Latina : _beducacion para la democracia y la modernidad critica en Bolivia, Chile, Mexico y el Peru / _cVerónica Edwards y Jorge Osorio, organizadores ; Alfonso Camacho ... [et al.]. |
| 260 |
_aSantiago, Chile : _bCEAAL ; _aLima, Peru : _bTarea, _c[1995]. |
||
| 300 |
_a177 p. ; _c25 cm. |
||
| 500 | _a"El Consejo de Educacion de Adultos de America Latina (CEAAL) y el Programa Interdisciplinario de Investigaciones de Educacion (PIIE) organizaron en el mes de diciembre de 1994, en Santiago de Chile, el 'Seminario Internacional sobre Politicas Educativos. Los Casos de Bolivia, Chile, Mexico Y Peru"--P. 11. | ||
| 504 | _aIncludes bibliographical references. | ||
| 650 | 7 |
_aEducación y estado _zAmérica Latina _vCongresos , conferencias, etc. _928638 |
|
| 650 | 0 |
_aEducación _xAspectos políticos _zAmérica Latina _vCongresos, conferencias, etc. _928639 |
|
| 650 | 0 |
_aDemocracia y estado _zAmérica Latia _vCongresos, conferencias, etc. _928640 |
|
| 700 | 1 |
_aEdwards, Veronica. _928641 |
|
| 700 |
_aOsorio Vargas, Jorge. _928642 |
||
| 700 | 1 |
_aCamacho, Alfonso. _928643 |
|
| 710 | 2 |
_aConsejo de Educacion de Adultos de America Latina. _928644 |
|
| 710 | 2 |
_aPrograma Interdisciplinario de Investigaciones en Educacion (Academia de Humanismo Cristiano) _928645 |
|
| 711 | 2 |
_aSeminario Internacional sobre Politicas Educativas--los Casos de Bolivia, Chile, Mexico y Peru _d(1994 : _cSantiago, Chile) _928646 |
|
| 942 |
_2ddc _cLBS1 |
||
| 999 |
_c11783 _d11783 |
||